000 00660nam a2200277Ia 4500
005 20260324122315.0
008 008 260324s9999 xx 000 0 eng d
020 _a9780429353819
037 _aEBOOK
040 _aCRL
040 _beng
040 _cCRL
041 _2eng
041 _aeng
084 _qCRL
100 _aHarry T. Dickinson
_91165941
245 0 _aIreland in the Age of Revolution, 1760–1805, Part I
260 _bTaylor and Francis
260 _c2013
365 _a
365 _b780
856 _uhttp://www.taylorfrancis.com/books/9780429353819
942 _cEBOOK
999 _c1758567
_d1758567